Colección poesías

محفوظ في:
التفاصيل البيبلوغرافية
المؤلف الرئيسي: Moreno Villa, José
التنسيق: كتاب
اللغة:Undetermined
منشور في: España Caro Raggio 1924
الموضوعات:
الوسوم: إضافة وسم
لا توجد وسوم, كن أول من يضع وسما على هذه التسجيلة!

MARC

LEADER 00000nam a2200000Ia 4500
008 170316s9999 xx 000 0 und d
040 |a cru BVZT 
090 |a 862 M-57c 
100 |a Moreno Villa, José 
245 |a Colección poesías 
260 |a España 
260 |b Caro Raggio 
260 |c 1924 
300 |a 113 páginas 
650 |a LITERATURA ESPAÑOLA 
650 |a POESÍA 
942 |c 15 D 
999 |c 10212  |d 10212